Statistics for DMX Filmography

Click here to take the quiz!

General Stats

  • This quiz has been taken 19 times
    (6 since last reset)
  • The average score is 22 of 47

Answer Stats

TypeYearName% Correct
Video Game2003Def Jam Vendetta
100%
TV Show1998South Park
100%
Film1998Belly
67%
Film2019Beyond the Law
67%
TV Show2004Chappelle's Show
67%
Film2003Cradle 2 the Grave
67%
TV Show2006DMX: Soul of a Man
67%
Documentary2020Don't Try to Understand: A Year in the Life of Earl 'DMX' Simmons
67%
TV Show2003Eve
67%
Film2001Exit Wounds
67%
Film2020Fast and Fierce: Death Race
67%
Film2021Fast Vengeance
67%
Film2008Last Hour
67%
Film2004Never Die Alone
67%
Film2018Pimp
67%
Film2000Romeo Must Die
67%
TV Show2000Saturday Night Live
67%
Film2009The Bleeding
67%
TV Show1998The Chris Rock Show
67%
TV Show2004The Sharon Osbourne Show
67%
Film2014Top Five
67%
Documentary2000Backstage
33%
Documentary2008Big Pun: The Legacy
33%
Film2000Boricua's Bond
33%
Film2020Chronicle of a Serial Killer
33%
TV Show2012Couples Therapy
33%
Film2008Death Toll
33%
TV Special2010DMX: Resurrection
33%
Film2007Father of Lies
33%
TV Show2015Fresh Off the Boat
33%
TV Show2023Government Records
33%
TV Show2002Half & Half
33%
TV Show2013Iyanla: Fix My Life
33%
TV Show2004Jimmy Kimmel Live!
33%
TV Show2011Lifechangers
33%
Film2009Lockjaw: Rise of the Kulev Serpent
33%
Film2008Lords of the Street
33%
TV Show2000, 2002MADtv
33%
Film2018The After Party
33%
TV Show2003Third Watch
33%
Documentary Series2005Trippin'
33%
Documentary Series2021Uncensored
33%
Film2001Angel: One More Road to Cross
0%
TV Show2017Black Ink Crew
0%
Film2013Blame It on the Hustle
0%
FilmTBADoggmen
0%
Film2013King Dog
0%

Score Distribution

Percentile by Number Answered

Percent of People with Each Score

Your Score History

You have not taken this quiz since the last reset